00363nam a2200109Ia 4500008004100000041000800041082001700049100002200066245011600088260003000204300001900234241028s9999 xx 000 0 und d aeng a658.4092 ROT aRothwell, William aAccelerated Action Learning: Using a Hands-on Talent Development Strategy to Solve Problems, Innovate Solutions bRoutledgeaNew Yorkc2024 a217;. P. 25 cm